| 000 | 00493nam a2200133 a 4500 | ||
|---|---|---|---|
| 008 | 120416s1952 ||||||||||||||||| || u | ||
| 050 | _aQA 270 Mac | ||
| 100 | _aMcKinsey, John Charles Chenoweth | ||
| 245 | 1 | 0 | _aIntroduction to the theory of Games |
| 260 |
_aNew York _bMcGraw-Hill _c1952 |
||
| 300 | _ax, 371p. : ill. | ||
| 350 | _a0.00 | ||
| 995 |
_D0.00 _FCBU-MAIN LIBRARY (Kitwe) _H1 _I0.00 _M1 _UAVAILABLE _ZAnnex Low-Usage Collection |
||
| 999 |
_c48064 _d48064 |
||